000
00211 a2200097 4500
001
30363
100
_a
Shakespeare
245
_a
Selected Plays
260
_a
Newyork
_b
American Book Co
_c
090
_c
20316
_d
20316
942
_a
NUST-CAE
_c
M
_c
11466
999
_c
265436
_d
265436